Online
Catalog

Con los días contados / (Record no. 7714)

MARC details
000 -CABECERA
campo de control de longitud fija 00623cam a2200205 a 4500
001 - NÚMERO DE CONTROL
campo de control 000007936
005 - FECHA Y HORA DE LA ÚLTIMA TRANSACCIÓN
campo de control 20200929154346.0
008 - DATOS DE LONGITUD FIJA--INFORMACIÓN GENERAL
campo de control de longitud fija 841012s1972 sp 000 1 spa
040 ## - FUENTE DE LA CATALOGACIÓN
Centro catalogador/agencia de origen DO-SdBNP
Lengua de catalogación spa
Centro/agencia modificador BNPHU
082 ## - NÚMERO DE LA CLASIFICACIÓN DECIMAL DEWEY
Número de clasificación 863.64
Número de documento/Ítem F812c
100 1# - ENTRADA PRINCIPAL--NOMBRE DE PERSONA
Nombre de persona Fraile, Medardo.
9 (RLIN) 21735
245 10 - MENCIÓN DE TÍTULO
Título Con los días contados /
Mención de responsabilidad, etc. Medardo Fraile.
260 ## - PUBLICACIÓN, DISTRIBUCIÓN, ETC.
Lugar de publicación, distribución, etc. Madrid España :
Nombre del editor, distribuidor, etc. Doncel,
Fecha de publicación, distribución, etc. 1972.
300 ## - DESCRIPCIÓN FÍSICA
Extensión 171 p. ; :
Otras características físicas 18 cm.
490 1# - MENCIÓN DE SERIE
Mención de serie Libro joven de bolsillo ;
Designación de volumen o secuencia no. 19
500 ## - NOTA GENERAL
Nota general Short stories.
650 #4 - PUNTO DE ACCESO ADICIONAL DE MATERIA--TÉRMINO DE MATERIA
Término de materia o nombre geográfico como elemento de entrada Cuentos españoles
9 (RLIN) 3194
650 #4 - PUNTO DE ACCESO ADICIONAL DE MATERIA--TÉRMINO DE MATERIA
Término de materia o nombre geográfico como elemento de entrada Literatura española
9 (RLIN) 632
830 #0 - PUNTO DE ACCESO ADICIONAL DE SERIE-TÍTULO UNIFORME
Título uniforme Libro joven de bolsillo ;
Número de parte o sección de la obra 19
9 (RLIN) 21736
Holdings
Estado de retiro Estado de pérdida Restricciones de uso No para préstamo Código de colección Localización permanente Ubicación/localización actual Ubicación en estantería Fecha de adquisición Número de inventario Total de préstamos Signatura topográfica completa Código de barras Fecha visto por última vez Número de copia Precio válido a partir de Tipo de ítem Koha
        Monografías: Libros y Folletos General General Depósito 11.09.2009 LF1   863.64 F812c 7936-10 25.06.2020 e. 3 25.06.2020 Préstamo en sala
    Préstamo restringido Préstamo restrigido Monografías: Libros y Folletos General General En catalogación 11.09.2009 LF1   863.64 F812c 7936-20 25.06.2020 e.2 25.06.2020 Préstamo interno
    Préstamo interno   Monografías: Libros y Folletos General General Depósito 11.09.2009 LF1   863.64 F812c 7936-30 25.06.2020   25.06.2020 Préstamo interno
    Préstamo interno   Monografías: Libros y Folletos General General Depósito 05.06.2017 LF1   863.64 F812c 7936-40 25.06.2020 e. 4 25.06.2020 Préstamo interno

Powered by Koha